Sports Quiz

Random Sports or NHL Quiz

Pittsburgh Penguins Player Profiles: Sidney Crosby Quiz Stats

 Plays Quiz not verified by Sporcle

Challenge
Share
Tweet
Embed
Score 0/14 Timer 10:00
0 Plays Today
hint Answer % Correct
Year Drafted???
97.4%
Age When Drafted???
94.8%
Jersey Number???
93.1%
Position???
92.6%
National Team???
91.3%
First Team???
89.2%
Birthyear???
88.3%
hint Answer % Correct
Handness???
87%
Draft round???
84.8%
Stanley Cups???
67.1%
Home???
60.6%
Rookie Points???
58.9%
Most Points in a year???
55.4%
Captaincy???
26%

You're not logged in!

Compare scores with friends on all Sporcle quizzes.
OR
Log In

You Might Also Like...

Show Comments

Extras

Top Quizzes Today


Score Distribution

Your Account Isn't Verified!

In order to create a playlist on Sporcle, you need to verify the email address you used during registration. Go to your Sporcle Settings to finish the process.

Report this User

Report this user for behavior that violates our Community Guidelines.

Details: